000
00340cam a2200145ua 4500
041
_a
eng
_h
082
_a
828.09
_b
MUL/ST
100
_a
Mullik, B.R.
245
_a
Studies in Dramatists /
_c
B R Mullik.
_h
Textual Documents
260
_a
:
_b
S.Chand & Sons ,
_c
1962.
300
_a
70 ; .
504
_a
942
_c
BK
999
_c
3367
_d
3367